000 00413cam a22001217a 4500
008 180718b1966 xxu||||| |||| 00| 0 eng d
082 _aT309x42 T675
100 _aMillard, Patricia
245 _aTrade associations & professional bodies of the United Kingdom
_cby Patricia Millard
260 _aOxford
_bPergamon
_c1966
300 _axiv, 372p.
650 _aAdministration the going concern: cases in business policy
999 _c431845
_d431845